Beyond the mechanics of spreadsheets: using design instruction to address spreadsheet errors (Record no. 340856)
[ view plain ]
| 000 -LEADER | |
|---|---|
| fixed length control field | 00479nam a2200145Ia 4500 |
| 008 - FIXED-LENGTH DATA ELEMENTS--GENERAL INFORMATION | |
| fixed length control field | 170725s9999 xx 000 0 und d |
| 100 ## - MAIN ENTRY--PERSONAL NAME | |
| Personal name | Kent N. Schneider |
| 245 ## - TITLE STATEMENT | |
| Title | Beyond the mechanics of spreadsheets: using design instruction to address spreadsheet errors |
| 245 ## - TITLE STATEMENT | |
| Statement of responsibility, etc | Kent N. Schneider, Lana L. Becker & Gary G. Berg |
| 260 ## - PUBLICATION, DISTRIBUTION, ETC. (IMPRINT) | |
| Date of publication, distribution, etc | 2017 |
| 300 ## - PHYSICAL DESCRIPTION | |
| Extent | pages 127-143, April |
| 440 ## - SERIES STATEMENT/ADDED ENTRY--TITLE | |
| Title | Accounting Education |
| Volume number/sequential designation | 26:2 |
| 500 ## - GENERAL NOTE | |
| General note | CJ0027 |
| 650 ## - SUBJECT ADDED ENTRY--TOPICAL TERM | |
| Topical term or geographic name as entry element | Accounting Education |
| Withdrawn status | Lost status | Damaged status | Home library | Current library | Date acquired | Total Checkouts | Date last seen | Price effective from | Koha item type |
|---|---|---|---|---|---|---|---|---|---|
| College Library | College Library | 07/25/2017 | 07/25/2017 | 07/25/2017 | Periodicals |